Débuts de chansons - Années 70 - Statistiques

Statistiques générales
  • Ce quiz a été pris 465 fois
  • Le résultat moyen est 11 sur 22
Statistiques - réponses
Paroles Chanson % Correct
J'me présente je m'apelle Henri / J'voudrais bien réussir ma vie Le chanteur / Daniel Balavoine
92%
C'est un endroit qui ressemble à la Louisiane / À l'Italie Le sud / Nino Ferrer
91%
On a tous dans le cœur une petite fille oubliée / Une jupe plissée, queue de cheval, à la sortie du lycée Rockollection / Laurent Voulzy
74%
C'est une maison bleue / Adossée à la colline / On y vient à pied / On ne frappe pas San Francisco / Maxime Le Forestier
73%
La lumière revient déjà / Et le film est terminé / Je réveille mon voisin / Il dort comme un nouveau-né La dernière séance / Eddy Mitchell
65%
Mes amis je dois m'en aller / Je n'ai plus qu'à jeter mes clés L'Amérique / Joe Dassin
63%
Notre vieille terre est une étoile / Où toi aussi tu brilles un peu La ballade des gens heureux / Gérard Lenorman
60%
Il est six heures au clocher de l'église / Dans le square les fleurs poétisent Les mots bleus / Christophe
58%
J'ai mon rhumatisme qui devient génant / Ma pauvre Cécile j'ai soixante-treize ans Quand j'étais chanteur / Michel Delpech
57%
Quand je suis seule et que je peux rêver / Je rêve que je suis dans tes bras La déclaration d'amour / France Gall
56%
Je suis arrivé un beau matin du mois de mai / Avec à la main les beignets que ma mère m'avait fait Le rire du sergent / Michel Sardou
55%
Je vais vous raconter / Avant de vous quitter / L'histoire d'un p'tit village près de Napoli Gigi l'amoroso / Dalida
54%
J'ai du succès dans mes affaires / J'ai du succès dans mes amours / Je change souvent de secrétaire Le blues du businessman / Claude Dubois
51%
Elle croyait que j'étais James Dean / Américain d'origine, le fils de Buffalo Bill, alors admiration! Bidon / Alain Souchon
48%
Loin de toi je me demande / Pourquoi ma vie ressemble à une terre brûlée Vanina / Dave
36%
Wam! Bam! / Mon chat, splatch / Gît sur mon lit / A bouffé sa langue / En buvant dans mon whisky Ça plane pour moi / Plastic Bertrand
35%
Je suis américain et je vis en Pennsylvanie / En 1944 j'étais sergent dans l'infanterie Made in Normandie / Stone et Charden
31%
Au bout du téléphone, il y a votre voix / Et il y a les mots que je ne dirai pas Message personnel / Françoise Hardy
31%
C'est l'histoire d'une trêve que j'avais demandé / C'est l'histoire d'un soleil que j'avais espéré Non, non, rien n'a changé / Les Poppys
31%
Dans le bruit familier de la boîte à la mode / Aux lueurs psychédéliques, au curieux décorum Les plaisirs démodés / Charles Aznavour
23%
Lorsque je suis arrivée dans la capitale / J'aurais voulu devenir une femme fatale La parisienne / Marie-Paule Belle
20%
Ça tient souvent à presque rien / Un simple geste de sa main Dans un vieux rock'n'roll / William Sheller
10%
Aucun quiz correspondant
Distribution des résultats
% des personnes avec chaque résultat
Percentile par nombre de réponses
Votre historique - résultats
Vous n’avez pas pris ce quiz